| 000 | 00478nam a2200133 a 4500 | ||
|---|---|---|---|
| 008 | 120416s1972 ||||||||||||||||| || u | ||
| 050 | _aTP 363 Col | ||
| 100 | _aCollier, John G | ||
| 245 | 1 | 0 | _aConvective boiling and condensation |
| 260 |
_aLondon _bMcGraw-Hill _c1972 |
||
| 300 | _axxxi, 421p. : ill. | ||
| 350 | _a0.00 | ||
| 995 |
_D0.00 _FCBU-MAIN LIBRARY (Kitwe) _H1 _I9.00 _M1 _UAVAILABLE _ZMain Library Open Access Collection |
||
| 999 |
_c38737 _d38737 |
||